Statistics for Good Day - Tally Hall

Click here to take the quiz!

General Stats

  • This quiz has been taken 94 times
  • The average score is 205 of 311

Answer Stats

Answer% Correct
go
98%
I
98%
We
98%
we
98%
day
96%
a
95%
Good
95%
hello
95%
is
95%
name
95%
say
95%
that
95%
to
95%
welcome
95%
and
93%
like
93%
my
93%
you
93%
it
85%
It
85%
so
85%
So
85%
truly
84%
came
82%
really
80%
glad
78%
I'm
78%
it's
76%
Its
76%
its
76%
walk
76%
can
75%
even
75%
no
75%
in
73%
not
73%
Come
71%
come
71%
I'd
71%
nothing
71%
Nothing
71%
or
71%
something
71%
take
71%
down
69%
here
69%
sit
69%
Let
67%
when
67%
sing!
65%
sing
65%
us
65%
but
62%
But
62%
glass
62%
what
62%
eyes
60%
introduce
60%
first
58%
Looking
58%
thought
58%
through
58%
call
56%
why
56%
few
55%
give
55%
likes
55%
time
55%
'bout
53%
by
53%
goes
53%
need
53%
right
53%
breathes
51%
Circles
51%
insists
51%
tries
51%
dreams
49%
about
47%
bad
47%
eat
47%
lives
47%
mind
47%
sleep
47%
spirals
47%
Things
47%
things
47%
wonder
47%
yes
47%
Ahh
45%
all
45%
never
45%
run
45%
seat
45%
this
45%
everybody
42%
knew
42%
know
42%
Kill
40%
liked
40%
tried
40%
song
38%
'bout
36%
think
36%
speak
35%
Birds
33%
of
33%
bees
31%
done
31%
question
31%
we're
31%
along
29%
lots
29%
sigh
29%
wanted
29%
little
27%
Periods
27%
What's
27%
marks
25%
television
25%
Cardboard
22%
vision
22%
x-ray
22%
thinks
20%
ton
20%
Many
16%
rhymes
16%
silly
16%
Telephones
16%
games
15%
houses
15%
lost
15%
forgotten
13%
their
13%

Score Distribution

Percentile by Number Answered

Percent of People with Each Score

Your Score History

You have not taken this quiz